Discover Your Destiny: (Record no. 322584)

MARC details
000 -LEADER
fixed length control field 00484nam a2200157Ia 4500
008 - FIXED-LENGTH DATA ELEMENTS--GENERAL INFORMATION
fixed length control field 230718s9999 xx 000 0 und d
041 ## - LANGUAGE CODE
Language code of text/sound track or separate title eng
082 ## - DEWEY DECIMAL CLASSIFICATION NUMBER
Classification number 158.1
Item number SHA
100 ## - MAIN ENTRY--PERSONAL NAME
Personal name Sharma R.
245 ## - TITLE STATEMENT
Title Discover Your Destiny:
Remainder of title With Monk Who Sold His Ferrari, Blueprint For Living Your Best Life, Vol.IX
260 ## - PUBLICATION, DISTRIBUTION, ETC. (IMPRINT)
Date of publication, distribution, etc. 2009
Name of publisher, distributor, etc. Jaico Publishing House
300 ## - PHYSICAL DESCRIPTION
Extent 215
365 ## - TRADE PRICE
Currency code Rs.
Price amount 177.22
700 ## - ADDED ENTRY--PERSONAL NAME
Personal name Sharma R.
906 ## - LOCAL DATA ELEMENT F, LDF (RLIN)
d O:0030125-Sep-2009B:101828-Jul-2009
c GENRL
b 35.44
Holdings
Withdrawn status Lost status Damaged status Not for loan Home library Current library Date acquired Vendor Budget Code Cost, normal purchase price Bill number Total Checkouts Full call number Barcode Date last seen Discount Cost, replacement price Bill Date Koha item type Original Barcode
        Cummins College of Engineering for Women Pune Cummins College of Engineering for Women Pune 26/09/2009 Tbs GENRL 141.78 1018   158.1 CCEP-BK-33791 18/07/2023 35.44 177.22 28/07/2009 Books 033791